000 00304nam a2200121 i 4500
001 bg
245 0 _aTechnologija i oborudovanie piscevych proizvidstv /
_cpod red.N.I.Nazarova.
260 _aMoskva,
_c1977.
040 _cBPK
041 _apol
942 _cKS
008 s pl f |000 0 pol
999 _c28559
_d28559
856 _uhttp://koha.tu.koszalin.pl/cgi-bin/koha/opac-detail.pl?biblionumber=28559
_yKatalog online BPK